Every LEGO Legends of Chima Minifigure Ever Released - Statistics

General Stats
  • This quiz has been taken 11 times
  • The average score is 33 of 73
Answer Stats
Answers % Correct
Eris
100%
Laval
86%
Cragger
71%
Ewald
71%
Gorzan
71%
Lagravis
71%
Lennox
71%
Leonidas
71%
Razar
71%
Razcal
71%
Sir Fangar
71%
Worriz
71%
Crawley
57%
Flinx
57%
G'Loona
57%
Grizzam
57%
Lavertus
57%
Li'Ella
57%
Mungus
57%
Rizzo
57%
Rogon
57%
Wakz
57%
Braptor
43%
Bulkar
43%
Crominus
43%
Crooler
43%
Crug
43%
Eglor
43%
Equila
43%
Ewar
43%
Fluminox
43%
Frax
43%
General Crokenburg
43%
Grumlo
43%
Icebite
43%
Iceklaw
43%
Icepaw
43%
Icerlot
43%
Longtooth
43%
Lundor
43%
Maula
43%
Mottrot
43%
Rawzom
43%
Scorm
43%
Sparacon
43%
Sparratus
43%
Spinlyn
43%
Stealthor
43%
Strainor
43%
Sykor
43%
Tazar
43%
Tormak
43%
Trakkar
43%
VoomVoom
43%
Wilhurt
43%
Windra
43%
Bladvic
29%
Blista
29%
Breezor
29%
Foltrax
29%
Furty
29%
Rinona
29%
Scolder
29%
Scutter
29%
Skinnet
29%
Vardy
29%
Vornon
29%
Winzar
29%
Firox
14%
Saraw
14%
Sibress
14%
Sirox
14%
Vultrix
14%
No matching quizzes found
Score Distribution
Percent of People with Each Score
Percentile by Number Answered
Your Score History
You have not taken this quiz